LEADER 01524nas 2200445-a 450 001 996215883203316 005 20221226231220.0 011 $a1557-9441 035 $a(OCoLC)44618208 035 $a(CKB)110990112650250 035 $a(CONSER)--2002238586 035 $a(DE-599)ZDB2019502-3 035 $a(EXLCZ)99110990112650250 100 $a20000719b20002002 s-- a 101 0 $aeng 135 $aurcn||||||||| 181 $ctxt$2rdacontent 182 $cc$2rdamedia 183 $acr$2rdacarrier 200 10$aACM journal of computer documentation 210 $aNew York, NY $cAssociation for Computing Machinery$d©2000- 300 $aRefereed/Peer-reviewed 300 $aTitle from introductory screen, viewed June 3, 2002. 311 1 $a1527-6805 606 $aElectronic data processing documentation$vPeriodicals 606 $aInformatique$xDocumentation$vPériodiques 606 $aElectronic data processing documentation$2fast$3(OCoLC)fst00907095 606 $aHardware$2gtt 608 $aPeriodicals.$2fast 615 0$aElectronic data processing documentation 615 6$aInformatique$xDocumentation 615 7$aElectronic data processing documentation. 615 17$aHardware. 676 $a004.2 712 02$aAssociation for Computing Machinery. 712 02$aAssociation for Computing Machinery.$bSpecial Interest Group for Documentation. 906 $aJOURNAL 912 $a996215883203316 996 $aACM journal of computer documentation$92180634 997 $aUNISA LEADER 02746nam1 2200565 i 450 001 MOD1385952 005 20251003044240.0 010 $a9788870756340 020 $aIT$b2007-4639 100 $a20080403d2007 ||||0itac50 ba 101 | $aita 102 $ait 181 1$6z01$ai $bxxxe 182 1$6z01$an 200 1 $aBiblioteconomia$eguida classificata$fdiretta da Mauro Guerrini$gcondirettore Gianfranco Crupi$ga cura di Stefano Gambari, collaborazione di Vincenzo Fugaldi$gpresentazione di Luigi Crocetti 210 $aMilano$cBibliografica$d[2007] 215 $aXL, 1143 p.$cill.$d25 cm. 225 | $aˆI ‰manuali della biblioteca$v5 410 0$1001CFI0325453$12001 $aˆI ‰manuali della biblioteca$v5 464 1$1001RAV1931738$12001 $a021.6, cooperazione e reti bibliotecarie$fAnna Galluzzi$1700 1$aGalluzzi$b, Anna$3VIAV101187 464 1$1001RAV1931757$12001 $a025.0068, strumenti di gestione della biblioteca$fAnna Galluzzi$1700 1$aGalluzzi$b, Anna$3VIAV101187 606 $aBiblioteconomia$xManuali$2FIR$3SBLC005712$9I 676 $a020$9$v12 676 $a020$9BIBLIOTECONOMIA E SCIENZA DELL'INFORMAZIONE$v20 676 $a020$9BIBLIOTECONOMIA E SCIENZA DELL'INFORMAZIONE$v21 676 $a020.7$9BIBLIOTECONOMIA E SCIENZA DELL'INFORMAZIONE. STUDIO E INSEGNAMENTO$v19 686 $aZ 665$c$2C 686 $aZM7$cManuali - in italiano$2G 696 $aScienze bibliotecarie 699 $aBiblioteconomia$yScienze bibliotecarie 702 1$aGuerrini$b, Mauro$f <1953- >$3CFIV013063 702 1$aCrocetti$b, Luigi$3CFIV035972 702 1$aGambari$b, Stefano$3GEAV009867 702 1$aCrupi$b, Gianfranco$3MODV524550 702 1$aFugaldi$b, Vincenzo$3PALV047284 790 1$aGerrini$b, Mauro$3CFIV381601$zGuerrini, Mauro <1953- > 801 3$aIT$bIT-000000$c20080403 850 $aIT-BN0095 $aIT-NA0074 $aIT-AV0007 $aIT-NA0079 $aIT-NA0070 $aIT-NA0189 901 $bNAP AV$cSEZ. M 3 $n$ 901 $bNAP 91$cBIBL $nl fondo è ordinato cronologicamente 901 $bNAP DP$cCONSULT $nConsultazione 901 $bNAP BU$cCONS. $nConsultazione. 901 $bNAP BN$cS.C. $n$ 901 $bNAP 01$cBCA $nComprende monografie e periodici di diritto, testi di ingegneria, di scienze e tecnologia di nuova acquisizione. 912 $aMOD1385952 950 1$aBiblioteca Centralizzata di Ateneo$c1 v.$d 01BCA DIREZIONE 17$e 0104 0000016055E VMA 1 v. (Precedente collocazione: DIREZIONE 020 BIB)$fB $h20100611$i20100611 967 $n2 977 $a 01$a 91$a AV$a BN$a BU$a DP 996 $aBiblioteconomia$9108341 997 $aUNISANNIO